| 000 | 01164nam a22003497a 4500 | ||
|---|---|---|---|
| 001 | 796 | ||
| 005 | 20230710091533.0 | ||
| 008 | 230710b cb ||||| |||| 00| 0 eng d | ||
| 020 | _a9780545072243 | ||
| 020 | _a0545072247 | ||
| 020 | _a9781599619644 (reinf.) | ||
| 020 | _a1599619644 (reinf.) | ||
| 040 |
_aBVD _cBVD _dBVD _dWSDBL _dMLY _dDLC _beng |
||
| 050 | 0 | 0 |
_aPZ7.T3 _bSu 2010 |
| 082 | 0 | 0 |
_a[Fic] _223 |
| 100 | 1 |
_aThaler, Mike, _d1936- |
|
| 245 | 1 | 4 |
_aThe summer vacation from the black lagoon / _cby Thaler, Mike ; illustrated by Lee, Jared . |
| 250 | _aFirst printing, May 2010 | ||
| 260 |
_aNew York : _bScholastic, _c2010. |
||
| 300 |
_a62 pages : _billustrations ; _c20 cm. |
||
| 490 | 0 | _aLittle apple | |
| 490 | 0 |
_aBlack lagoon adventures ; _vBook 17 |
|
| 505 | _aK | ||
| 520 | _aAfter getting so bundled up that he can hardly move, Hubie tries to enjoy his snow day off from school. | ||
| 521 | 0 |
_a510 _bLexile |
|
| 521 | 0 |
_aK _bRaz-Plus |
|
| 650 | 0 |
_aSummer _vJuvenile fiction. |
|
| 650 | 1 |
_aSummer _vFiction. |
|
| 700 | 1 |
_aLee, Jared D. _eillustrator. |
|
| 906 |
_a7 _bcbc _ccopycat _d2 _encip _f20 _gy-gencatlg |
||
| 942 |
_2ddc _cBK _n0 |
||
| 999 |
_c796 _d796 |
||